| 000 | 01168nam a2200229Ia 4500 | ||
|---|---|---|---|
| 001 | L933-43212 | ||
| 003 | IT-CnALBA | ||
| 008 | 170116s9999||||xx |||||||||||||| ||und|| | ||
| 040 |
_aIT-CnALBA _cIT-CnALBA |
||
| 041 | _aITALIANO | ||
| 100 | _aPASSERI GRAZIA | ||
| 245 | 0 | _aLE COSE DI GENY. | |
| 250 | _a1a ed. | ||
| 260 |
_a ROMA _bPELLICANI A. EDITORE _c1998 [1° Ed.:1998 - Ed.Ling.Originale: 1998] |
||
| 300 | _a215 p. | ||
| 500 | _aPRESENTAZIONE DI SGARBI V. STORIA DI AMICIZIA TRA DUE DONNE SIMBOLO DEI PROBLEMI DEI TEMPI. AUTRICE GIOVANE. PROTAGONISTA DONNA MATURA. GENY POVERA, DESTINO DI FALLIMENTO E AUTODISTRUZIONE. RITROVAMENTO DELLA VOLONTÀ DI VITA. E DI CAMBIAMENTO. ASTRA SPECC | ||
| 501 | _aSocietà San Paolo EM - Piazza San Paolo, 14 - 12051 ALBA (CN) (non commercial uses only) ® Copyright 2017 | ||
| 520 | _aPRESENTAZIONE DI SGARBI V. STORIA DI AMICIZIA TRA DUE DONNE SIMBOLO DEI PROBLEMI DEI TEMPI. AUTRICE GIOVANE. PROTAGONISTA DONNA MATURA. GENY POVERA, DESTINO DI FALLIMENTO E AUTODISTRUZIONE. RITROVAMENTO DELLA VOLONTÀ DI VITA. E DI CAMBIAMENTO. ASTRA SPECC | ||
| 650 | _aNAZIONI ESTERE | ||
| 942 | _cBK | ||
| 957 | _71 | ||
| 999 |
_a48605 _bNO _g Copie: 1 _c302179 _d302179 |
||